Jamestown. the complete collection / Carnival Film ... Read More
Available copies
- 1 of 2 copies available at LARL/NWRL Consortium. (Show)
- 1 of 2 copies available at Northwest Regional Library.
Current holds
0 current holds with 2 total copies.
Show Only Available Copies
| Location | Call Number / Copy Notes | Barcode | Shelving Location | Status | Due Date |
|---|---|---|---|---|---|
| Godel Memorial-Warren Library | DVD JAM (Text) | 35500006339640 | Main | In transit | - |
| Red Lake Falls Public Library | DVD JAM (Text) | 35500006388969 | Main | Available | - |
Record details
- ISBN: 9781531711658
- ISBN: 1531711650
- Physical Description: 6 videodiscs (approximately 1080 min.) : sound, ... Read More
- Edition: Widescreen version
- Publisher: [London] : Carnival Film & Television Limited, [2019]
- Distributor: [Arlington, VA] : PBS Distribution, 2019.
- Copyright: ©2019
Content descriptions
| Creation/Production Credits Note: | Writer, creator, Bill Gallagher ; producer, Sue De ... Read More |
| Participant or Performer Note: | Naomi Battrick, Max Beesley, Rachel Colwell, ... Read More |
| Summary, etc.: | 1619. The British colony of Jamestown, Virginia is ... Read More |
| Target Audience Note: | Not rated. |
| System Details Note: | DVD, region 1 NTSC, 16 x 9 presentation; English ... Read More |
| Language Note: | English dialogue; English SDH subtitles for the ... Read More |
| Source of Description Note: | Title from disc label. |
Search for related items by subject
| Subject: | Jamestown (Va.) > History > Drama. Virginia > History > Colonial period, ca. 1600-1775 > Drama. Virginia. Virginia > Jamestown. |
Search for related items by series
| LDR | 05978cgm a2201297Ii 4500 | ||
|---|---|---|---|
| 001 | 343772 | ||
| 003 | LARL_NWRL_CONSORTIUM | ||
| 005 | 20230207213639.0 | ||
| 007 | vd cvaizs | ||
| 008 | 200224s2019 enk999 e vleng d | ||
| 040 | . | ‡aTDS ‡beng ‡erda ‡cTDS ‡dOCLCO ‡dOCLCF ‡dNRG | |
| 020 | . | ‡a9781531711658 | |
| 020 | . | ‡a1531711650 | |
| 024 | 1 | . | ‡a841887043403 |
| 035 | . | ‡a(OCoLC)1141769056 | |
| 049 | . | ‡aNRGA | |
| 130 | 0 | . | ‡aJamestown (Television program) |
| 245 | 0 | 0. | ‡aJamestown. ‡bthe complete collection / ‡cCarnival Film & Television Limited ; written and created by Bill Gallagher ; produced by Sue De Beauvoir ; directed by John Alexander, Sam Donovan, David Evans, Bill Gallagher, Ancy Hay, David Moore, Paul Wilmshurst ; executive producers for Sky Anne Mensah, Cameron Roach ; executive producers Richard Fell, Bill Gallagher, Nigel Marchant, Gareth Neame. |
| 246 | 3 | 0. | ‡aJamestown. ‡nSeason 1 |
| 246 | 3 | . | ‡aJamestown. ‡nSeason 1 |
| 246 | 3 | . | ‡aJamestown. ‡nFirst season |
| 246 | 3 | . | ‡aJamestown. ‡n1st season |
| 246 | 3 | . | ‡aJamestown. ‡nSeries one |
| 246 | 3 | . | ‡aJamestown. ‡nFirst series |
| 246 | 3 | . | ‡aJamestown. ‡n1st series |
| 246 | 3 | . | ‡aJamestown. ‡nSeries 1 |
| 246 | 3 | 0. | ‡aJamestown. ‡nSeason 2 |
| 246 | 3 | . | ‡aJamestown. ‡nSeason two |
| 246 | 3 | . | ‡aJamestown. ‡nSecond series |
| 246 | 3 | . | ‡aJamestown. ‡n2nd series |
| 246 | 3 | . | ‡aJamestown. ‡nSeries 2 |
| 246 | 3 | . | ‡aJamestown. ‡nSeason three |
| 246 | 3 | . | ‡aJamestown. ‡nSeason 3 |
| 246 | 3 | . | ‡aJamestown. ‡nThird season |
| 246 | 3 | . | ‡aJamestown. ‡n3rd season |
| 246 | 3 | . | ‡aJamestown. ‡nThird series |
| 246 | 3 | . | ‡aJamestown. ‡n3rd series |
| 246 | 3 | . | ‡aJamestown. ‡nSeries 3 |
| 246 | 3 | . | ‡aJamestown. ‡nSeries three |
| 250 | . | ‡aWidescreen version | |
| 264 | 1. | ‡a[London] : ‡bCarnival Film & Television Limited, [2019] | |
| 264 | 2. | ‡a[Arlington, VA] : ‡bPBS Distribution, ‡c2019. | |
| 264 | 4. | ‡c©2019 | |
| 300 | . | ‡a6 videodiscs (approximately 1080 min.) : ‡bsound, color ; ‡c4 3/4 in. | |
| 306 | . | ‡a123000 | |
| 336 | . | ‡atwo-dimensional moving image ‡btdi ‡2rdacontent | |
| 337 | . | ‡avideo ‡bv ‡2rdamedia | |
| 338 | . | ‡avideodisc ‡bvd ‡2rdacarrier | |
| 340 | . | ‡b4 3/4 in. | |
| 344 | . | ‡adigital ‡boptical ‡gsurround ‡gstereo ‡hDolby ‡2rda | |
| 345 | . | ‡awidescreen ‡afullscreen ‡2rda | |
| 346 | . | ‡alaser optical ‡bNTSC ‡2rda | |
| 347 | . | ‡avideo file ‡bDVD video ‡eregion 1 ‡2rda | |
| 380 | . | ‡aTelevision program | |
| 490 | 0 | . | ‡aJamestown ; ‡vSeasons 1-3 |
| 538 | . | ‡aDVD, region 1 NTSC, 16 x 9 presentation; English stereo; [color] | |
| 546 | . | ‡aEnglish dialogue; English SDH subtitles for the deaf and hard-of-hearing. | |
| 511 | 1 | . | ‡aNaomi Battrick, Max Beesley, Rachel Colwell, Claire Cox, Shaun Dooley, Patsy Ferran, Jason Flemyng, Burn Gorman, Dean Lennox Kelly, Gwilym Lee, Stuart Martin, Abiola Ogunbiyi, Tony Pitts, Kalani Queypo, Luke Roskell, Sophie Rundle, Abubakar Salim, Ben Starr, Matt Stokoe, Roseanne Supernault, Raoul Trujillo, Steven Waddington, Niamh Walsh. |
| 508 | . | ‡aWriter, creator, Bill Gallagher ; producer, Sue De Beauvoir ; directors, John Alexander, Sam Donovan, Davis Evans, Bill Galagher, Andy Hay, David Moore, Paul Wilmshurst. | |
| 520 | . | ‡a1619. The British colony of Jamestown, Virginia is shaken up when the first women in twelve years land in this breathtaking wilderness. While love triangles, bitter rivalries, and fierce competition cause conflict for the residents and the native inhabitants, the Pamunkey, they are bound together by their resolute will to survive and thrive in their new lives. | |
| 521 | 8 | . | ‡aNot rated. |
| 588 | . | ‡aTitle from disc label. | |
| 651 | 0. | ‡aJamestown (Va.) ‡xHistory ‡vDrama. | |
| 651 | 0. | ‡aVirginia ‡xHistory ‡yColonial period, ca. 1600-1775 ‡vDrama. | |
| 651 | 7. | ‡aVirginia. ‡2fast ‡0(LARL_NWRL_CONSORTIUM)1995 | |
| 651 | 7. | ‡aVirginia ‡zJamestown. ‡2fast | |
| 648 | 7. | ‡a1600-1775 ‡2fast | |
| 655 | 0. | ‡aVideodiscs. | |
| 655 | 0. | ‡aDVDs. | |
| 655 | 0. | ‡aDVD-Video discs. | |
| 655 | 7. | ‡aDrama. ‡2fast | |
| 655 | 7. | ‡aFiction television programs. ‡2fast ‡0(LARL_NWRL_CONSORTIUM)175627 | |
| 655 | 7. | ‡aHistorical television programs. ‡2fast ‡0(LARL_NWRL_CONSORTIUM)175692 | |
| 655 | 7. | ‡aHistory. ‡2fast | |
| 655 | 7. | ‡aTelevision series. ‡2fast ‡0(LARL_NWRL_CONSORTIUM)175797 | |
| 655 | 7. | ‡aVideo recordings for the hearing impaired. ‡2fast ‡0(LARL_NWRL_CONSORTIUM)175744 | |
| 655 | 7. | ‡aTelevision series. ‡2lcgft ‡0(LARL_NWRL_CONSORTIUM)175797 | |
| 655 | 7. | ‡aHistorical television programs. ‡2lcgft ‡0(LARL_NWRL_CONSORTIUM)175692 | |
| 655 | 7. | ‡aFiction television programs. ‡2lcgft ‡0(LARL_NWRL_CONSORTIUM)175627 | |
| 655 | 7. | ‡aVideo recordings for the hearing impaired. ‡2lcgft ‡0(LARL_NWRL_CONSORTIUM)175744 | |
| 700 | 1 | . | ‡aBeauvoir, Sue de, ‡etelevision producer. |
| 700 | 1 | . | ‡aAlexander, John ‡c(Television director), ‡etelevision director. |
| 700 | 1 | . | ‡aGallagher, Bill ‡c(Screenwriter), ‡ecreator, ‡escreenwriter. |
| 700 | 1 | . | ‡aBattrick, Naomi, ‡d1991- ‡eactor. |
| 700 | 1 | . | ‡aBeesley, Max, ‡d1971- ‡eactor. |
| 700 | 1 | . | ‡aColwell, Rachel, ‡eactor. |
| 700 | 1 | . | ‡aEast, Jon, ‡etelevision director. |
| 700 | 1 | . | ‡aCox, Claire, ‡d1975- ‡eactor. ‡0(LARL_NWRL_CONSORTIUM)212940 |
| 700 | 1 | . | ‡aBatt, Ben, ‡d1986- ‡eactor. |
| 700 | 1 | . | ‡aDooley, Shaun, ‡eactor. ‡0(LARL_NWRL_CONSORTIUM)212325 |
| 700 | 1 | . | ‡aFerran, Patsy, ‡eactor. |
| 700 | 1 | . | ‡aFlemyng, Jason, ‡eactor. ‡0(LARL_NWRL_CONSORTIUM)136382 |
| 700 | 1 | . | ‡aGorman, Burn, ‡d1974- ‡eactor. ‡0(LARL_NWRL_CONSORTIUM)214283 |
| 700 | 1 | . | ‡aKelly, Dean Lennox, ‡eactor. |
| 700 | 1 | . | ‡aLee, Gwilym, ‡d1983- ‡eactor. |
| 700 | 1 | . | ‡aMartin, Stuart, ‡d1986- ‡eactor. |
| 700 | 1 | . | ‡aOgunbiyi, Abiola, ‡d1990- ‡eactor. |
| 700 | 1 | . | ‡aPitts, Tony, ‡d1962- ‡eactor. |
| 700 | 1 | . | ‡aQueypo, Kalani, ‡d1986- ‡eactor. |
| 700 | 1 | . | ‡aRoskell, Luke, ‡d1997- ‡eactor. |
| 700 | 1 | . | ‡aRundle, Sophie, ‡eactor. |
| 700 | 1 | . | ‡aSalim, Abubakar, ‡d1993- ‡eactor. |
| 700 | 1 | . | ‡aStarr, Ben, ‡eactor. |
| 700 | 1 | . | ‡aStokoe, Matt, ‡d1989- ‡eactor. |
| 700 | 1 | . | ‡aSupernault, Roseanne, ‡eactor. |
| 700 | 1 | . | ‡aTrujillo, Raoul, ‡eactor. ‡0(LARL_NWRL_CONSORTIUM)138778 |
| 700 | 1 | . | ‡aWaddington, Steven, ‡eactor. |
| 700 | 1 | . | ‡aWalsh, Niamh ‡c(Actor), ‡eactor. |
| 710 | 2 | . | ‡aCarnival Films (Great Britain), ‡eproduction company. ‡0(LARL_NWRL_CONSORTIUM)144535 |
| 710 | 2 | . | ‡aBritish Sky Broadcasting, ‡eproduction company. ‡0(LARL_NWRL_CONSORTIUM)151674 |
| 710 | 2 | . | ‡aPBS Distribution (Firm), ‡epublisher. ‡0(LARL_NWRL_CONSORTIUM)216631 |
| 905 | . | ‡ubacont | |
| 901 | . | ‡a343772 ‡b ‡c343772 ‡tbiblio ‡soclc | |

Add to basket
Permalink
Disable Highlighting